000 00358nam a2200145Ia 4500
008 230917s9999||||xx |||||||||||||| ||und||
040 _e148994
_aMAIN
041 _aEnglish
082 _a340 S72S
100 _aStone, Julius
245 0 _aSocial dimensions of law and justice
260 _aDelhi
_bUniversal
_c1999
300 _axxx, 933p p.
942 _cBK
999 _c117948
_d117948